| 000 | 004130000a22001810004500 | ||
|---|---|---|---|
| 003 | MACL | ||
| 005 | 20150919123852.0 | ||
| 008 | 150919b xxu||||| |||| 00| 0 eng d | ||
| 040 |
_aMACL _cMACL |
||
| 041 | _aEnglish | ||
| 082 | _a825/PAN | ||
| 100 |
_aPande, B N _91762 |
||
| 245 | _aHinduism And Islam | ||
| 260 |
_bSir Syed Academy _c1988 |
||
| 350 | _a20 | ||
| 650 |
_aSpeches _911966 |
||
| 942 |
_cBK _k825 _2ddc |
||
| 999 |
_c6294 _d6294 |
||